Statistics for Albania Players Biggest Transfers

Click here to take the quiz!

General Stats

  • This quiz has been taken 35 times
  • The average score is 14 of 46

Answer Stats

PlayerFromJoined% Correct
RBElseid Hysaj15/16EmpoliNapoli
83%
GKEtrit Berisha17/18LazioAtalanta
66%
GKEtrit Berisha20/21AtalantaSPAL
66%
DMLorik Cana05/06Paris Saint-GermainMarseille
66%
DMLorik Cana09/10MarseilleSunderland
66%
DMLorik Cana10/11SunderlandGalatasaray
66%
DMKristjan Asllani23/24EmpoliInter Milan
55%
DMKristjan Asllani22/23EmpoliInter Milan
55%
CBMarash Kumbulla21/22Hellas VeronaRoma
55%
CBMarash Kumbulla20/21Hellas VeronaRoma
55%
AMNedim Bajrami23/24EmpoliSassuolo
55%
LWMyrto Uzuni21/22FerencvarosGranada
41%
LWMyrto Uzuni20/21Lokomotiva ZagrebFerencvaros
41%
STSokol Cikalleshi15/16RNK SplitIstanbul Basaksehir
41%
STArmando Sadiku17/18Legia WarsawLevante
38%
STRey Manaj19/20Inter MilanAlbacete
31%
STRey Manaj19/20AlbaceteBarcelona
31%
DMYlber Ramadani23/24AberdeenLecce
31%
STGiacomo Vrioni22/23JuventusNew England Revolution
24%
STGiacomo Vrioni19/20SampdoriaJuventus
24%
CMKeidi Bare20/21MalagaEspanyol
24%
LBMario Mitaj22/23AEK AthensLokomotiv Moscow
24%
CBMergim Mavraj16/17KolnHamburg
24%
LWShkelzen Gashi14/15GrasshoppersBasel
24%
LWShkelzen Gashi15/16BaselColorado Rapids
24%
CBArdian Ismajli20/21Hajduk SplitSpezia
21%
CBArdian Ismajli21/22SpeziaEmpoli
21%
STErjon Bogdani06/07SienaChievo Verona
21%
STErjon Bogdani05/06RegginaSiena
21%
RWEros Grezda18/19OsijekRangers
21%
STMirlind Daku23/24OsijekRubin Kazan
21%
STBekim Balaj16/17HNK RijekaTerek Grozny
17%
STAlban Bushi99/00LovechAdanaspor
14%
LWLiridon Latifi17/18Skenderbeu KorcePuskas Akademia
14%
DMMigjen Basha10/11FrosinoneAtalanta
14%
DMMigjen Basha12/13AtalantaTorino
14%
STSokol Kushta91/92FlamurtariIraklis
14%
STXhuliano Skuka22/23PartizaniMetz
14%
STEdgar Cani07/08PescaraPalermo
7%
LMEdvin Murati02/03LilleIraklis
7%
DMEnis Cokaj22/23Lokomotiva ZagrebPanathinaikos
7%
CMAstrit Ajdarevic12/13NorrkopingStandard Liege
3%
CMAstrit Ajdarevic06/07FalkenbergsLiverpool
3%
LBEduard Abazaj90/91Dinamo CityHajduk Split
3%
CMEmanuele Ndoj15/16RomaBrescia
3%
STFlavio Sulejmani23/24PerugiaLazio
3%

Score Distribution

Percentile by Number Answered

Percent of People with Each Score

Your Score History

You have not taken this quiz